Mexique /

Guardado en:
Autor Principal: Ferrada, María José.
Otros Autores: Penyas, Ana; il.
Formato: Libro
Publicado: Buenos Aires : Libros del Zorro Rojo, 2021.
Materias:
Etiquetas: Agregar Etiqueta
Sin Etiquetas, Sea el primero en etiquetar este registro!
LEADER 00667nam a22002175a 4500
001 CEM.cems019603
008 220927s2021##################000#0#####d
005 20220927094952.0
245 1 0 |a Mexique /  |c María José Ferrada; ilustrado por Ana Penyas. 
260 |a Buenos Aires :  |b Libros del Zorro Rojo,  |c 2021. 
300 |a 32 p. 
020 |a 9789874429551 
100 1 |a Ferrada, María José. 
700 1 |a Penyas, Ana; il. 
082 0 4 |a Ch868.4 
653 |a Literatura 
653 |a Literatura chilena 
653 |a Literatura infantil 
653 |a Cuentos infantiles 
653 |a Libro albúm 
859 |a CEMS  |b BIB. CEMS - Inicial y Primaria  |h Ch868.4  |i F41-1  |k IP  |p 6461  |t Ej.1